000 00297nas a22001337a 4500
001 T027600012921-00
008 190830b xxu||||| |||| 00| 0 esp |
040 _aFEVP
_cFEVP
245 _aAmérica XXI
260 _c200806%
300 _a50p.
650 _aIntegración--América Latina
942 _cREV
999 _c18312
_d18312